Gentleman Astaghfirullah (Record no. 531409)
[ view plain ]
| 000 -LEADER | |
|---|---|
| fixed length control field | 00217nam a2200097 4500 |
| 040 ## - CATALOGING SOURCE | |
| Transcribing agency | DLC |
| 082 ## - DEWEY DECIMAL CLASSIFICATION NUMBER | |
| Classification number | 954.91 |
| Author Mark | ASH |
| 100 ## - MAIN ENTRY--PERSONAL NAME | |
| Personal name | Col. (R) Ashfaq Hussain |
| 9 (RLIN) | 24090 |
| 245 ## - TITLE STATEMENT | |
| Title | Gentleman Astaghfirullah |
| 942 ## - ADDED ENTRY ELEMENTS (KOHA) | |
| Source of classification or shelving scheme | |
| Koha item type | Book |
| Withdrawn status | Lost status | Source of classification or shelving scheme | Damaged status | Not for loan | Permanent Location | Current Location | Date acquired | Total Checkouts | Full call number | Barcode | Date last seen | Date last checked out | Price effective from | Koha item type |
|---|---|---|---|---|---|---|---|---|---|---|---|---|---|---|
| School of Civil and Environmental Engineering (SCEE) | School of Civil and Environmental Engineering (SCEE) | 10/15/2019 | 2 | 954.91 ASH | NIT-9636 | 06/16/2022 | 01/13/2022 | 10/15/2019 | Book |
